El poder de la evaluación en el aula. Mejores decisiones para promover aprendizajes

Spremljeno u:
Bibliografski detalji
Glavni autor: Förster, Carla E (editora)
Format: Knjiga
Jezik:španjolski
Izdano: Santiago, Chile. Ediciones Universidad Católica de Chile 2017
Serija:Colección Educación UC
Teme:
Online pristup:Disponible Online - Cap. 7-8
Oznake: Dodaj oznaku
Bez oznaka, Budi prvi tko označuje ovaj zapis!

MARC

LEADER 00000cam a2200000 a 4500
001 UCB0013
003 CL-VaPUC
005 20240513110214.0
008 191206e20170000cl spa d
999 |c 375805  |d 375803 
020 |a 9789561421707 
040 |c Pontificia Universidad Católica de Valparaíso 
082 0 4 |a 371.26 FOR 2017  |2 21 
100 1 |a Förster, Carla E  |e editora  |9 605330 
245 1 3 |a El poder de la evaluación en el aula.  |b Mejores decisiones para promover aprendizajes 
260 |a Santiago, Chile.   |b Ediciones Universidad Católica de Chile  |c 2017 
300 |a 339 páginas  
490 0 |a Colección Educación UC 
583 |a last modification  |c 20191206 10:52:00  |k cmena 
650 0 0 |a Métodos de evaluación  |9 311717 
650 0 0 |a Calidad de la educación   |9 307271 
650 0 0 |a Evaluación de la educación   |9 237505 
650 0 0 |a Métodos de aprendizaje  |9 334464 
856 |u https://bibliografiadigital.pucv.cl/index.php/bibliotecapucv/catalog/book/798  |y Disponible Online - Cap. 7-8 
942 |c BK  |2 ddc 
945 |a cmena  |d 20191206 10:52:00 
952 |0 0  |1 0  |2 ddc  |3 erb  |4 0  |6 371_260000000000000_FOR_2017  |7 0  |8 A  |9 495625  |a BIBHIS  |b BIBHIS  |e 80  |g 12000.00  |i 5566738  |l 6  |m 3  |o 371.26 FOR 2017  |p 5566738  |r 2025-03-21  |s 2025-03-19  |v 12000.00  |w 2020-01-06  |y BK  |z Catalogado en:20191206  |k HIS 
952 |0 0  |1 0  |2 ddc  |3 erb  |4 0  |6 371_260000000000000_FOR_2017  |7 0  |8 A  |9 495626  |a BIBHIS  |b BIBHIS  |e 80  |g 12000.00  |i 5566746  |l 6  |o 371.26 FOR 2017  |p 5566746  |r 2025-05-07  |s 2025-05-07  |v 12000.00  |w 2020-01-06  |y BK  |z Catalogado en:20191206  |k HIS